Josep Cararach i Maurí : l'època de la construcció del Sant Andreu contemporani / Jordi Rabassa Massons l'època de la construcció del Sant Andreu contemporani / Jordi Rabassa Massons
ISBN:
1130-0272
Descripción Física:
109 p., [16] pàg. de làm. ; 24 cm
Colección:
Llibres de finestrelles ; 2
MARC
| LEADER | 00000nam a2200000Ia 4500 | ||
|---|---|---|---|
| 001 | 16347 | ||
| 008 | 160829s2004 xx 000 0 cat d | ||
| 020 | |a 1130-0272 | ||
| 080 | |a C-2-81 | ||
| 100 | |a Rabassa Massons, Jordi |9 37253 | ||
| 245 | |a Josep Cararach i Maurí : |b l'època de la construcció del Sant Andreu contemporani / Jordi Rabassa Massons | ||
| 260 | |a Sant Andreu de Palomar [Barcelona] : |b Centre d'Estudis Ignasi Iglésias, |c 2004 | ||
| 300 | |a 109 p., [16] pàg. de làm. ; |c 24 cm | ||
| 490 | |a Llibres de finestrelles ; 2 | ||
| 590 | |a Bibliografia. | ||
| 590 | |a Hi ha un duplicat | ||
| 650 | |a Cararach i Maurí, Josep |x Biografia |9 37254 | ||
| 651 | 0 | |a Sant Andreu de Palomar (Barcelona, Catalunya) |x Història |9 53195 | |
| 710 | 2 | |a Centre d'Estudis Ignasi Iglésias |9 53194 | |
| 901 | |a Arxiu | ||
| 942 | |n 1 | ||
| 952 | |0 0 |1 0 |4 0 |6 C281 |7 1 |9 47771 |a Arxiu |b Arxiu |d 2016-12-01 |l 0 |o C-2-81 |p 16347 |r 2016-12-01 00:00:00 |w 2016-12-01 |y ARXIU | ||
| 999 | |c 51570 |d 51570 | ||